[Event "Serbia op-A"]
[Site "Belgrade"]
[Date "2025.07.17"]
[Round "4"]
[White "Maslova, Anastasiya Yar"]
[Black "Radenkovic, Mila"]
[Result "1-0"]
[WhiteElo "2063"]
[BlackElo "1984"]
[PlyCount "47"]
[EventDate "2025.07.14"]
[EventType "swiss"]
[EventRounds "9"]
[EventCountry "SRB"]
[SourceTitle "CB30_2025"]
[SourceDate "2025.07.23"]
[SourceVersion "1"]
[SourceVersionDate "2025.07.23"]
[SourceQuality "1"]

1. d4 d6 2. e4 Nf6 3. Nc3 e5 4. Nge2 h6 5. h3 Be7 6. Be3 c6 7. g4 0-0 8. Ng3 Re8 9. Be2 Nbd7 10. Qd2 exd4 11. Bxd4 b5 12. h4 b4 13. Nd1 Ne5 14. g5 hxg5 15. hxg5 Nh7 16. f4 c5 17. Be3 Ng4 18. Bxg4 Bxg4 19. Qh2 f5 20. Qxh7+ Kf7 21. Nxf5 Bxf5 22. Qxf5+ Kg8 23. Qe6+ Kf8 24. Rh8# 1-0

[Event "Serbia op-A"]
[Site "Belgrade"]
[Date "2025.07.14"]
[Round "1"]
[White "Amin Erdene, Bayanmunkh"]
[Black "Maslova, Anastasiya Yar"]
[Result "1-0"]
[WhiteElo "2286"]
[BlackElo "2063"]
[PlyCount "75"]
[EventDate "2025.07.14"]
[EventType "swiss"]
[EventRounds "9"]
[EventCountry "SRB"]
[SourceTitle "CB30_2025"]
[SourceDate "2025.07.23"]
[SourceVersion "1"]
[SourceVersionDate "2025.07.23"]
[SourceQuality "1"]

1. d4 Nf6 2. c4 e6 3. Nc3 Bb4 4. Bd2 c5 5. a3 Bxc3 6. Bxc3 d6 7. Qc2 Nc6 8. dxc5 dxc5 9. e3 Qe7 10. Nf3 e5 11. h3 0-0 12. 0-0-0 a6 13. g4 Rb8 14. g5 Ne8 15. Bd3 f5 16. gxf6 Nxf6 17. Ng5 h6 18. Nh7 Nxh7 19. Bxh7+ Kh8 20. Be4 Bd7 21. Rhg1 Rf6 22. f4 Nd4 23. exd4 exd4 24. Bd2 b5 25. Ba5 Be6 26. Rde1 Qd6 27. Bd5 Bxd5 28. cxd5 Qxf4+ 29. Qd2 Qd6 30. Qg2 Rg8 31. Qe4 b4 32. a4 Qh2 33. Rg2 Qxh3 34. Bc7 Qb3 35. Be5 Rf1 36. Rxf1 Qc4+ 37. Kd2 Qxf1 38. Qg6 1-0

[Event "Paracin op-A 18th"]
[Site "Paracin"]
[Date "2025.07.10"]
[Round "7"]
[White "Maslova, Anastasiya Yar"]
[Black "Szakmary, Domonkos"]
[Result "0-1"]
[WhiteElo "2063"]
[BlackElo "2155"]
[PlyCount "104"]
[EventDate "2025.07.04"]
[EventType "swiss"]
[EventRounds "9"]
[EventCountry "SRB"]
[SourceTitle "CB29_2025"]
[SourceDate "2025.07.16"]
[SourceVersion "1"]
[SourceVersionDate "2025.07.16"]
[SourceQuality "1"]

1. d4 Nf6 2. c4 c5 3. d5 e5 4. Nc3 d6 5. e4 Be7 6. Nf3 Nbd7 7. Bd3 Nf8 8. Ne2 h5 9. h3 Ng6 10. Ng3 h4 11. Nf5 Nh5 12. Ng1 Bxf5 13. exf5 Ngf4 14. Ne2 Nxg2+ 15. Kf1 Ngf4 16. Bxf4 Nxf4 17. Nxf4 exf4 18. Qg4 Bf6 19. Qxf4 0-0 20. Rb1 a5 21. Rg1 Re8 22. Rg2 Qe7 23. Kg1 Qe5 24. Qf3 a4 25. Kh1 a3 26. b3 Qc3 27. Qd1 Re7 28. Rc1 Qd4 29. Rc2 Rae8 30. Rg1 Qf4 31. Qg4 Qxg4 32. Rxg4 Re1+ 33. Rg1 Rxg1+ 34. Kxg1 Re1+ 35. Kg2 Rd1 36. Be2 Ra1 37. b4 b6 38. bxc5 bxc5 39. Bd3 Bb2 40. Re2 Kf8 41. Bc2 Rxa2 42. Ba4 Kg8 43. Re8+ Kh7 44. Bb3 Ra1 45. Rd8 Be5 46. Ra8 Kh6 47. Kf3 Kg5 48. Ke4 Re1+ 49. Kd3 Rh1 50. Rxa3 Rxh3+ 51. Kd2 Bc3+ 52. Kc2 Bd4 0-1

[Event "Paracin op-A 18th"]
[Site "Paracin"]
[Date "2025.07.09"]
[Round "6"]
[White "Tuguldur, Soninbayar"]
[Black "Maslova, Anastasiya Yar"]
[Result "1-0"]
[WhiteElo "2121"]
[BlackElo "2063"]
[PlyCount "129"]
[EventDate "2025.07.04"]
[EventType "swiss"]
[EventRounds "9"]
[EventCountry "SRB"]
[SourceTitle "CB29_2025"]
[SourceDate "2025.07.16"]
[SourceVersion "1"]
[SourceVersionDate "2025.07.16"]
[SourceQuality "1"]

1. d4 Nf6 2. c4 e6 3. Nc3 d5 4. cxd5 exd5 5. Bg5 Be6 6. e3 Nbd7 7. Bd3 c6 8. f4 h6 9. Bh4 g5 10. fxg5 Ng4 11. Nf3 Be7 12. Qe2 hxg5 13. Bg3 Qa5 14. 0-0 0-0-0 15. a3 Rdg8 16. b4 Qd8 17. Nb5 Nb6 18. Nxa7+ Kd7 19. b5 c5 20. dxc5 Bxc5 21. Ne5+ Nxe5 22. Bxe5 Rh4 23. Rac1 Qe7 24. a4 Rxa4 25. Nc6 bxc6 26. bxc6+ Ke8 27. c7 Bd7 28. Bb5 Ra8 29. Bxd7+ Nxd7 30. Bd4 Kf8 31. Bxc5 Nxc5 32. Qb5 Qxc7 33. Rxc5 Qe7 34. Rxd5 Qxe3+ 35. Kh1 Re8 36. Qb4+ Qe7 37. Qd4 Rg7 38. Rdf5 Kg8 39. Rf6 Rd8 40. Qg4 Rd6 41. R6f5 Re6 42. Qg3 Re3 43. Qb8+ Kh7 44. Qb1 Kg8 45. Rc1 Rg6 46. Rc8+ Kh7 47. Rf1 Kg7 48. Qb8 f5 49. Rc7 Rge6 50. Rxe7+ Rxe7 51. h3 Re1 52. Rxe1 Rxe1+ 53. Kh2 Re6 54. Kg3 Re3+ 55. Kf2 Re6 56. Kf3 Re7 57. Qb2+ Kg6 58. Qh8 Re6 59. g4 fxg4+ 60. hxg4 Rf6+ 61. Ke3 Re6+ 62. Kd4 Re7 63. Qh5+ Kf6 64. Qh6+ Kf7 65. Qxg5 1-0

[Event "Paracin op-A 18th"]
[Site "Paracin"]
[Date "2025.07.04"]
[Round "1"]
[White "Xu, Junwei"]
[Black "Maslova, Anastasiya Yar"]
[Result "1/2-1/2"]
[WhiteElo "2347"]
[BlackElo "2063"]
[PlyCount "178"]
[EventDate "2025.07.04"]
[EventType "swiss"]
[EventRounds "9"]
[EventCountry "SRB"]
[SourceTitle "CB29_2025"]
[SourceDate "2025.07.16"]
[SourceVersion "1"]
[SourceVersionDate "2025.07.16"]
[SourceQuality "1"]

1. Nf3 d5 2. b3 Nf6 3. Bb2 e6 4. c4 b6 5. cxd5 exd5 6. g3 Bb7 7. Bg2 Bd6 8. 0-0 0-0 9. Nc3 a6 10. Rc1 Nbd7 11. e3 Re8 12. Ne2 Nc5 13. Qc2 a5 14. Rfd1 Ne6 15. Ned4 Nxd4 16. Nxd4 c5 17. Nf5 Bf8 18. d4 g6 19. Nh4 Rc8 20. dxc5 Rxc5 21. Qd3 Rxc1 22. Rxc1 Bg7 23. Nf3 Re7 24. Rd1 Ne8 25. Bxg7 Nxg7 26. h4 Ne6 27. Ne5 f6 28. Nf3 Kg7 29. h5 Rd7 30. Nd4 Qe7 31. Qe2 Rc7 32. Nf3 Nc5 33. Nh4 Qe6 34. hxg6 hxg6 35. Qc2 Qf7 36. Qb2 Qe6 37. Nf3 Ne4 38. Nd4 Qe5 39. Rc1 Nc5 40. Qe2 Rc8 41. a3 Ne6 42. Nxe6+ Qxe6 43. Rxc8 Qxc8 44. Qd2 Qc5 45. b4 axb4 46. axb4 Qc4 47. Bf1 Qe4 48. Bg2 Qc4 49. Bf3 g5 50. Be2 Qe4 51. f3 Qb1+ 52. Kg2 Qf5 53. Qd4 Qc2 54. Kf1 Qc7 55. Kf2 Qd6 56. Bd1 Kf7 57. Bb3 Ke7 58. Ba4 Bc6 59. Bc2 Bd7 60. Bb3 Be6 61. f4 gxf4 62. exf4 Qc6 63. Bd1 Qc7 64. Be2 Qd6 65. Ke3 Qc7 66. Kd2 Qa7 67. g4 Qa2+ 68. Ke1 Qb1+ 69. Kf2 Qh1 70. f5 Qh2+ 71. Ke1 Qh4+ 72. Kd1 Bxf5 73. Qxd5 Bd7 74. Qe4+ Kd8 75. Qa8+ Ke7 76. Qe4+ Kd8 77. Qd4 Qh1+ 78. Kd2 Qc6 79. b5 Qe6 80. Bc4 Qxg4 81. Qxb6+ Ke8 82. Qb8+ Ke7 83. Qc7 Qd4+ 84. Kc2 Qd6 85. Qa7 Qb4 86. Kd3 Qb1+ 87. Kc3 Qc1+ 88. Kb4 Qe1+ 89. Kb3 Qb1+ 1/2-1/2

[Event "RUS-chT (Women)"]
[Site "Sochi"]
[Date "2025.05.05"]
[Round "9.2"]
[White "Vlasova, Olesia"]
[Black "Maslova, Anastasiya Yar"]
[Result "1-0"]
[WhiteElo "2049"]
[BlackElo "1939"]
[PlyCount "175"]
[EventDate "2025.04.26"]
[EventType "team-swiss"]
[EventRounds "9"]
[EventCountry "RUS"]
[SourceTitle "CB19_2025"]
[SourceDate "2025.05.07"]
[SourceVersion "1"]
[SourceVersionDate "2025.05.07"]
[SourceQuality "1"]
[WhiteTeam "Voronezh (W)"]
[BlackTeam "Moscow Botvinnik School (W)"]
[WhiteTeamCountry "RUS"]
[BlackTeamCountry "RUS"]

1. d4 Nf6 2. c4 e6 3. Nf3 d5 4. g3 dxc4 5. Bg2 a6 6. 0-0 Nc6 7. Qd2 Bb4 8. Qc2 b5 9. Ne5 Nxe5 10. dxe5 Nd5 11. Nc3 0-0 12. Rd1 Bxc3 13. bxc3 Qe7 14. a4 Bd7 15. a5 c5 16. h4 h6 17. e4 Nc7 18. Qd2 Rfd8 19. Qd6 Qxd6 20. exd6 Bc6 21. Be3 Ne8 22. Bxc5 Nf6 23. f3 Nd7 24. Ba3 h5 25. Kf2 Rab8 26. Rd2 Rb7 27. Ke3 g6 28. Rg1 Kg7 29. Bh3 Rh8 30. Bf1 Rbb8 31. Be2 Rbg8 32. Rdd1 Kf8 33. f4 Ke8 34. e5 Kd8 35. Rd4 f5 36. Rb1 Ke8 37. Bxc4 Kf7 38. Be2 Rb8 39. Kd2 Rhc8 40. Rc1 Rb7 41. Bb4 Ke8 42. Kc2 Nb8 43. Kb2 Kd7 44. Ka3 Bg2 45. Rg1 Bc6 46. Bd1 Re8 47. Bc5 Rc8 48. Bb6 Be4 49. Kb2 Bc6 50. Bc7 Re8 51. Ka3 Rc8 52. Bb3 Re8 53. Rd2 Be4 54. Re1 Nc6 55. Kb2 Rf8 56. Rh2 Bf3 57. Rf2 Be4 58. Rd2 Re8 59. Rxe4 fxe4 60. Re2 Ra7 61. Rxe4 Rf8 62. Re2 Raa8 63. Bc2 Rg8 64. Be4 Rac8 65. Rh2 Rg7 66. Rd2 Re8 67. Kb3 Rc8 68. c4 b4 69. Ra2 Ra8 70. c5 Ra7 71. Ra4 Rb7 72. Bb6 Rb8 73. Kc4 Rb7 74. Rxb4 Rb8 75. Ra4 Rb7 76. Ra1 Rb8 77. Kc3 Rgg8 78. Ra2 Rg7 79. Rb2 Rgg8 80. Bd3 Ra8 81. Bc7 Ne7 82. Be4 Nd5+ 83. Bxd5 exd5 84. Kd4 Ke6 85. c6 Rgc8 86. Kc5 Re8 87. Rd2 Rec8 88. Rxd5 1-0

[Event "RUS-chT (Women)"]
[Site "Sochi"]
[Date "2025.04.27"]
[Round "2.2"]
[White "Karmanova, Olga Dm"]
[Black "Maslova, Anastasiya Yar"]
[Result "1/2-1/2"]
[WhiteElo "2317"]
[BlackElo "1939"]
[PlyCount "83"]
[EventDate "2025.04.26"]
[EventType "team-swiss"]
[EventRounds "9"]
[EventCountry "RUS"]
[SourceTitle "CB19_2025"]
[SourceDate "2025.05.07"]
[SourceVersion "1"]
[SourceVersionDate "2025.05.07"]
[SourceQuality "1"]
[WhiteTeam "St Petersburg SSHOR (W)"]
[BlackTeam "Moscow Botvinnik School (W)"]
[WhiteTeamCountry "RUS"]
[BlackTeamCountry "RUS"]

1. e4 c5 2. Nf3 d6 3. d4 cxd4 4. Nxd4 Nf6 5. Nc3 a6 6. Bg5 Nbd7 7. Qe2 Qa5 8. f4 h6 9. Nb3 Qc7 10. Bxf6 Nxf6 11. e5 Bg4 12. Qe3 dxe5 13. fxe5 Nd7 14. Nd5 Qc6 15. c4 e6 16. Nd4 Qc5 17. b4 Qc8 18. h3 exd5 19. hxg4 Bxb4+ 20. Kd1 Nb6 21. e6 0-0 22. g5 Nxc4 23. Bxc4 dxc4 24. gxh6 g6 25. e7 Qg4+ 26. Kc2 Bxe7 27. Qe5 f6 28. Qxe7 Rf7 29. h7+ Kh8 30. Qxf7 Qe4+ 31. Kc3 Qe3+ 32. Kb4 Qxd4 33. Qxc4 Qb2+ 34. Qb3 a5+ 35. Ka4 Qd4+ 36. Ka3 a4 37. Qc2 b5 38. Rab1 Qe3+ 39. Kb4 Qd4+ 40. Ka3 Qe3+ 41. Kb4 Qd4+ 42. Ka3 1/2-1/2

[Event "RUS-chT Rapid (Women)"]
[Site "Sochi"]
[Date "2024.10.18"]
[Round "4.15"]
[White "Tomilova, Elena"]
[Black "Maslova, Anastasiya Yar"]
[Result "1-0"]
[WhiteElo "2207"]
[BlackElo "1799"]
[PlyCount "49"]
[EventDate "2024.10.18"]
[EventType "team-swiss (rapid)"]
[EventRounds "9"]
[EventCountry "RUS"]
[SourceTitle "CB43_2024"]
[Source "Chessbase"]
[SourceDate "2024.10.23"]
[SourceVersion "1"]
[SourceVersionDate "2024.10.23"]
[SourceQuality "1"]
[WhiteTeam "Krym Kimmeriya (W)"]
[BlackTeam "Moscow Botvinnik School (W)"]
[WhiteTeamCountry "RUS"]
[BlackTeamCountry "RUS"]

1. d4 d5 2. Nf3 e6 3. c4 Nf6 4. Nc3 Be7 5. Bf4 0-0 6. e3 b6 7. a3 Bb7 8. cxd5 Nxd5 9. Nxd5 Bxd5 10. Bd3 h6 11. 0-0 Nd7 12. Rc1 Bd6 13. Ne5 Qe7 14. Qh5 Nf6 15. Qh3 Ne4 16. f3 Ng5 17. Qg3 Kh8 18. Bc4 Nh7 19. Nd3 Rac8 20. Ba6 Rcd8 21. e4 Bxf4 22. Nxf4 Ba8 23. Rxc7 Qd6 24. Ne2 f5 25. Qxg7# 1-0